1281 1661 1805 1456 1522 1396 1510 1377 1072 1158 1382 1311 1409 1922 1542 1965 1470 1089 1925 1593 1273 1591 1323 1343 1749 1942 1235 1332 1653 1279 1454 1018 1870 1197 1653 1241 1779 1710 1801 1497 1554 1681 1690 1434 1266 1539 1957 1644 1666 1621 1631 1246 1694 1512 1008 1045 1447 1352 1738 1481 1499 1724 1578 1282 1208 1564 1766 1249 1765 1955 1770 1336 1726 1355 1474 1468 1857 1429 1559 1680 1616 1606 1053 1841 1617 1592 1796 1605 1616 1986 1796 1063 1644 1086 1204 1970 1009 1201 1431 BCNSPRNW ULIB Ver.6.0+V

เปลี่ยนเป็นภาษาไทย

Change to English
 แสดงรายละเอียดบรรณานุกรม
  กลับหน้าหลัก

Brief Record : Get Marc (ISO 2709) : E-mail record : QR code < ปิดหน้าต่าง
LEADER : 00000nam 2200000uu 4500
001    13399111855
003     ULIB
008    110627s2552||||th 000 0 tha d
020    9786115000173
090    นว.^bณ429ร 2552
100 0  ณารา
245 00 รักร้าย/^cณารา
250    พิมพ์ครั้งที่ 4
260    กรุงเทพฯ :^bพิมพ์คำ,^c2552
300    532 หน้า
945    ^p320^l0^i028057
995    ทศพร
999 ^a ใช้งานได้ทุกระบบ
รายการนี้ยังไม่มีแท็ก
คุณยังไม่ได้ล็อกอิน คุณสามารถมีกิจกรรมร่วมกับเว็บไซต์ได้ แต่ต้องล็อกอินก่อน ::
  ล็อกอิน

รายการสื่อสารสนเทศ

ลำดับที่ ประเภท เลขเรียก/บาร์โค้ด สถานที่ สถานะ
- ไม่พบข้อมูล -

รายการใกล้เคียง
    ผู้แต่ง [ณารา]

BibComment


ยังไม่เคยถูกคอมเมนท์

คอมเมนท์ทรัพยากรรายการนี้
  คอมเมนท์: รักร้าย ณารา


 Copyright 2026. Bcnsprnw @Library